| 000 | 00938nam a2200253 a 4500 | ||
|---|---|---|---|
| 005 | 20210223124511.0 | ||
| 008 | 011105s1999 mx r 000 0 spa d | ||
| 020 | _a9684963637 (CIESAS) | ||
| 020 | _a9688567434 (SEP-CONACYT) | ||
| 035 | _aUPN01000113727 | ||
| 049 | _aC | ||
| 050 | 4 |
_aPM3516 Z5 _bT3.7 |
|
| 100 | 1 | _aTapia García, L. Fermín | |
| 245 | 1 | 0 |
_aTzon ´tzíkindyi jñò ndá Tzjón noà yo jñò tzko = Diccionario amuzgo-español el amuzgo de San Pedro Amuzgos, Oaxaca / _cL. Fermín Tapia García. |
| 260 |
_aMéxico : _bCIESAS : _bSEP-CONACYT, _c1999. |
||
| 300 | _a284 p. | ||
| 440 | 0 | _aLenyua-jes | |
| 650 | 4 |
_aESPAÑOL - _vDICCIONARIOS - _xAMUZGO _922769 |
|
| 650 | 4 |
_aAMUZGO - _vDICCIONARIOS - _xESPAÑOL _94332 |
|
| 650 | 4 |
_aINDIOS DE MEXICO - _xLENGUAS - _zSAN PEDRO AMUZGOS, OAXACA |
|
| 650 | 4 |
_aAMUZGOS _94334 |
|
| 740 | 0 | _aDiccionario amuzgo-español : el amuzgo de San Pedro Amuzgos, Oaxaca | |
| 905 | _aLibro | ||
| 999 |
_c87635 _d87635 |
||